| Tag |
First Indicator |
Second Indicator |
Subfields |
| LEADER |
00000pam a2200000 a 4500 |
| 001 |
in00000390413 |
| 005 |
20151011103158.0 |
| 008 |
821203s1983 ilu b 00110ceng |
| 010 |
|
|
|a 82019574
|
| 020 |
|
|
|a 0809310988
|
| 035 |
|
|
|a (OCoLC)09082023
|
| 035 |
|
|
|9 ABR2868AM
|
| 039 |
0 |
|
|a 2
|b 3
|c 3
|d 3
|e 3
|
| 040 |
|
|
|a DLC
|c DLC
|d TXA
|d UtOrBLW
|
| 043 |
|
|
|a n-us---
|
| 049 |
|
|
|a TXAM
|c [1118915]
|
| 050 |
0 |
0 |
|a PN4872
|b .S34 1983
|
| 082 |
0 |
|
|a 070/.92/2
|a B
|2 19
|
| 100 |
1 |
|
|a Schilpp, Madelon Golden.
|
| 245 |
1 |
0 |
|a Great women of the press /
|c by Madelon Golden Schilpp and Sharon M. Murphy ; foreword by Howard Rusk Long.
|
| 264 |
|
1 |
|a Carbondale :
|b Southern Illinois University Press,
|c [1983]
|
| 264 |
|
4 |
|c ©1983
|
| 300 |
|
|
|a xvi, 248 pages ;
|c 22 cm.
|
| 336 |
|
|
|a text
|b txt
|2 rdacontent
|
| 337 |
|
|
|a unmediated
|b n
|2 rdamedia
|
| 338 |
|
|
|a volume
|b nc
|2 rdacarrier
|
| 490 |
1 |
|
|a New horizons in journalism
|
| 500 |
|
|
|a Includes index.
|
| 504 |
|
|
|a Bibliography: pages 217-230.
|
| 650 |
|
0 |
|a Women journalists
|z United States
|v Biography.
|
| 700 |
1 |
|
|a Murphy, Sharon.
|
| 830 |
|
0 |
|a New horizons in journalism.
|
| 999 |
|
|
|a MARS
|
| 999 |
f |
f |
|s 35cc5e27-84e3-30b0-998a-5c7abe17ff32
|i eac47a43-4690-3b88-96f7-b3a7ad29df3f
|t 0
|
| 952 |
f |
f |
|p normal
|a Texas A&M University
|b College Station
|c Sterling C. Evans Library
|d Evans: Library Stacks
|t 0
|e PN4872 .S34 1983
|h Library of Congress classification
|i unmediated -- volume
|m A14807607664
|
| 998 |
f |
f |
|a PN4872 .S34 1983
|t 0
|l Evans: Library Stacks
|